Annuaire Statistigue de la Belgique 1985

Guardado en:
Detalles Bibliográficos
Formato: Libro
Lenguaje:francés
Publicado: Bruxelles Institut National de Statistique 1985
Etiquetas: Agregar Etiqueta
Sin Etiquetas, Sea el primero en etiquetar este registro!

MARC

LEADER 00000nam a2200000 4500
001 c103431
005 20041019155129.3
041 0 |a fre 
044 |a BE 
245 1 0 |a Annuaire Statistigue de la Belgique 1985 
264 1 |a Bruxelles  |b Institut National de Statistique  |c 1985 
300 |a 837 s.